000 01274nam a22003492a 4500
001 32457
003 BD-RjUL
005 20211209051834.0
008 140426r19791966enk b 000 0 eng d
020 _a0710010338
035 _a(BD-RjUL)32546
040 _aXBM
_cCXP
_dOCL
_dXBM
_dEQO
_dBD-RjUL
_beng
041 _aeng
082 0 4 _a297.6
_bATM 1979
090 _aBP189.4
_b.F323 1966b
100 1 _aʿAṭṭār, Farīd al-Dīn,
_d-approximately 1230.
_998756
245 1 0 _aMuslim saints and mystics :
_bepisodes from the Tadhkirat al-auliyaʼ ("Memorial of the saints") /
_cby Farid al-Din Attar ; translated by A. J. Arberry
260 _aLondon ;
_aBoston :
_bRoutledge & Kegan Paul,
_c1966 [Reprinted 1979].
300 _axii, 287 p. ;
_c23 cm
490 1 _aPersian heritage series ;
_vno. 1
490 1 _aUNESCO collection of representative works
504 _aIncludes bibliographies.
650 0 _aMuslim saints
_974300
830 0 _vno. 1
_998821
700 1 _aArberry, A. J.
_q(Arthur John),
_d1905-1969.
_95438
740 0 _aMemorial of the saints
830 1 0 _aPersian heritage series ;
_998822
830 0 _aUNESCO collection of representative works
_998823
942 _2ddc
_cBK
_01
999 _c32457
_d32457